| 000 | 00427nam a22001817a 4500 | ||
|---|---|---|---|
| 003 | MPLRDC | ||
| 005 | 20220104124325.0 | ||
| 008 | 210129b ||||| |||| 00| 0 eng d | ||
| 082 | _a539.8 SWT | ||
| 100 | _a松尾通 | ||
| 245 |
_a笑招好运来 _c欧桂馨译 |
||
| 250 | _a再版 | ||
| 260 |
_a _b倍达出版社 _c1996 |
||
| 300 | _b平 | ||
| 490 | _a金色人生系列 | ||
| 650 | _a笑话 | ||
| 942 |
_cBK _o539.8 SWT |
||
| 999 |
_c18425 _d18415 |
||